|
|
|
|
| LEADER |
00645cam a2200205 7i4500 |
| 001 |
0000012726 |
| 005 |
20171117090000.0 |
| 020 |
|
|
|a 0072828463 (pbk.)
|
| 020 |
|
|
|a 9780072828467
|
| 090 |
0 |
0 |
|a QD450
|b .C57 2006
|
| 100 |
1 |
|
|a Cooper, Melanie M
|
| 245 |
1 |
0 |
|a Cooperative chemistry :
|b laboratory manual
|c Melanie M. Cooper.
|
| 250 |
|
|
|a 3rd ed.
|
| 260 |
|
|
|a Boston:
|b Mc-GrawHill,
|c 2006.
|
| 300 |
|
|
|a 154 p.:
|b ill.;
|c 28 cm.
|
| 650 |
0 |
0 |
|a Chemistry
|
| 650 |
0 |
0 |
|a Laboratory manual
|
| 650 |
0 |
0 |
|a Chemistry
|
| 997 |
|
|
|a Engineering & Life Sciences, Faculty
|b Engineering, Department
|
| 999 |
|
|
|a 0000010868
|b BOK
|c REFERENCE
|e Ground Floor, Bestari Jaya
|